000 00348nam a2200145 i 4500
001 bg
100 1 _aWĄSOWSKI, Jacek.
245 1 0 _aPralnie wodne w zakładach przemysłowych /
_cJacek Wąsowski.
250 _aWyd.3.
260 _aWarszawa,
_c1975.
040 _cBPK
041 _apol
942 _cKS
008 s pl f |000 0 pol
999 _c7743
_d7743
856 _uhttp://koha.tu.koszalin.pl/cgi-bin/koha/opac-detail.pl?biblionumber=7743
_yKatalog online BPK